Frankfurts Bürgerschaft liest. (Titelsatznr. 370939)
[ MARC ]
| 000 -Satzkennung | |
|---|---|
| Kontrollfeld mit fester Länge | 00821nam a22002177a 4500 |
| 008 - Feld mit fester Länge zur physischen Beschreibung - Allgemeine Angaben | |
| Kontrollfeld mit fester Länge | 201130b ||||| |||| 00| 0 eng d |
| 040 ## - Katalogisierungsquelle | |
| Katalogisierungssprache | ger |
| Übertragungsstelle | DE-2950 |
| Beschreibungsfestlegungen | rda |
| Original-Katalogisierungsstelle | DE-2950 |
| 041 ## - Sprachcode | |
| Sprachcode des Textes/der Tonspur oder des separaten Titels | ger |
| 100 ## - Person oder Familie als 1. geistiger Schöpfer | |
| Personenname | Sandow Karin: |
| 245 ## - Titel | |
| Haupttitel | Frankfurts Bürgerschaft liest. |
| Titelzusatz | Kultur: Zum Abschluss der Kleist-Festtage kamen in der Sankt-Gertraud-Kirche Bürger zusammen und stellten Heinrich Zschokkes "Hans dampf" vor./ |
| Verantwortlichkeitsangabe | Sandow Karin |
| 264 ## - Veröffentlichungsangabe, Vertriebsangabe, Herstellungsangabe | |
| Erscheinungs-, Vertriebs-, Herstellungsdatum | 2021 |
| 653 ## - Lokales Schlagwort | |
| Nicht-normierter Term | Frankfurt (Oder) |
| 653 ## - Lokales Schlagwort | |
| Nicht-normierter Term | Kultur |
| 653 ## - Lokales Schlagwort | |
| Nicht-normierter Term | Kleist-Festtage |
| 653 ## - Lokales Schlagwort | |
| Nicht-normierter Term | Zschokkes, Heinrich 1771-1848 |
| 773 ## - Übergeordnete Einheit | |
| Ort, Verlag und Erscheinungsjahr | Frankfurt (Oder): Märkisches Verlags- und Druckhaus GmbH & Co KG |
| Verknüpfungsangaben | 32. Jahrgang (2021) Nr. 238 vom 12.10.2021, S. 15 |
| Titel | Märkische Oderzeitung |
| 942 ## - Zusätzliche Felder (Koha) | |
| Koha-Medientyp | Aufsätze |
| Ausgeschieden | Verloren | Beschädigt | Nicht entleihbar | Permanenter Standort | Aktueller Standort | Aufstellungsort | Eingabedatum | Anzahl Ausleihen | Signatur | Letzte Aktivität | Preis gültig von | Medientyp |
|---|---|---|---|---|---|---|---|---|---|---|---|---|
| Stadtarchiv Frankfurt (Oder) | Archivbibliothek | Stadtarchiv Frankfurt (Oder) | Archivbibliothek | Magazin | 12/10/2021 | Z2 | 12/10/2021 | 12/10/2021 | Aufsätze |